Larousse : enciclopedia metódica. vol. v /

Guardado en:
Formato: Libro
Publicado: España : Larousse, 1997
Etiquetas: Agregar Etiqueta
Sin Etiquetas, Sea el primero en etiquetar este registro!
LEADER 00377nam a22001335a 4500
001 CEM.cems009671
005 20060214000000.0
008 130507s1997##################000#0#####d
003 CEMS
082 0 4 |a C036 
245 0 0 |a Larousse :  |b enciclopedia metódica. vol. v / 
260 |a España :  |b Larousse,  |c 1997 
300 |a 414 p.1 
859 |a CEMS  |b BIB. CEMS - 11 de abril  |h C036  |i L328/5  |p 19891.98  |t Ej.1